000 00339nam a2200145Ia 4500
005 20251221000919.0
008 251220s1990||||xx |||||||||||||| ||spa||
082 _a614/M26/T.II
100 _aMartín Zurro, A.
245 0 _a Atención Primaria :
250 _a4a.ed.
264 _bEdiciones Harcourt, S.A.
942 _cLIB
942 _cP01
999 _c409
_d409